First things first : (Record no. 1730)
[ view plain ]
| 000 -LEADER | |
|---|---|
| fixed length control field | 00897nam a2200289 a 4500 |
| 001 - CONTROL NUMBER | |
| JCCL Control Number | 1730 |
| 003 - CONTROL NUMBER IDENTIFIER | |
| JCCL marc code | BD-JhCC |
| 005 - DATE AND TIME OF LATEST TRANSACTION | |
| control field | 20220130134020.0 |
| 008 - FIXED-LENGTH DATA ELEMENTS--GENERAL INFORMATION | |
| fixed length control field | 940106s1994 nyua b 001 0 eng |
| 020 ## - INTERNATIONAL STANDARD BOOK NUMBER | |
| International Standard Book Number | 0671864416 : |
| Terms of availability | $23.00 ($29.50 Can.) |
| 035 ## - SYSTEM CONTROL NUMBER | |
| system control number | (BD-JhCC)1730 |
| 040 ## - CATALOGING SOURCE | |
| Original cataloging agency | DLC |
| Transcribing agency | DLC |
| Modifying agency | DLC |
| 041 ## - LANGUAGE CODE | |
| Language code of Book | eng |
| 050 00 - LIBRARY OF CONGRESS CALL NUMBER | |
| Classification number | BJ1581.2 |
| Item number | .C66 1994 |
| 082 00 - DEWEY DECIMAL CLASSIFICATION NUMBER | |
| Classification number | 158/.1 |
| DDC Edition number | 20 |
| Author mark and Year | COV 1994 |
| 100 1# - MAIN ENTRY--PERSONAL NAME | |
| Personal name | Covey, Stephen R. |
| 245 10 - TITLE STATEMENT | |
| Title | First things first : |
| Remainder of title | to live, to love, to learn, to leave a legacy / |
| Statement of responsibility, etc | Stephen R. Covey, A. Roger Merrill, Rebecca R. Merrill. |
| 260 ## - PUBLICATION, DISTRIBUTION, ETC. (IMPRINT) | |
| Place of publication, distribution, etc | New York : |
| Name of publisher, distributor, etc | Simon & Schuster, |
| Date of publication, distribution, etc | c1994. |
| 300 ## - PHYSICAL DESCRIPTION | |
| Pagination | 360 p. : |
| Other physical details | ill. ; |
| Dimensions | 25 cm. |
| 504 ## - BIBLIOGRAPHY, ETC. NOTE | |
| Bibliography, etc | Includes bibliographical references and index. |
| 650 #0 - SUBJECT ADDED ENTRY--TOPICAL TERM | |
| Topical term or geographic name as entry element | Conduct of life. |
| 650 #0 - SUBJECT ADDED ENTRY--TOPICAL TERM | |
| Topical term or geographic name as entry element | Time management. |
| 700 1# - ADDED ENTRY--PERSONAL NAME | |
| Personal name | Merrill, A. Roger. |
| 700 1# - ADDED ENTRY--PERSONAL NAME | |
| Personal name | Merrill, Rebecca R. |
| 942 ## - ADDED ENTRY ELEMENTS (KOHA) | |
| Source of classification or shelving scheme | Dewey Decimal Classification |
| Koha item type | Books |
| Koha issues (borrowed), all copies | 4 |
| Source of classification or shelving scheme | Damaged status | Not for loan | Home library | Current library | Shelving location | Date of accession | Total Checkouts | Full call number | Barcode | Date last seen | Date checked out | Copy number | Koha item type |
|---|---|---|---|---|---|---|---|---|---|---|---|---|---|
| Dewey Decimal Classification | JCC Rouf Library | JCC Rouf Library | General Stacks | 10/24/2017 | 4 | 158/.1 COV 1994 | 3023 | 07/08/2024 | 07/07/2024 | C-1 | Books |